Africa : beyond recovery /

Bibliographic Details
Main Author: Mkandawire, P. Thandika, (Author)
Format: eBook
Language:English
Published: Legon-Accra, Ghana : University of Ghana, 2015.
Series:Aggrey-Fraser-Guggisberg Memorial Lectures ; Series 32
Subjects:
Online Access:Click to View
LEADER 01742nam a2200421 i 4500
001 EBC2071844
003 MiAaPQ
005 20200520144314.0
006 m o d |
007 cr cnu||||||||
008 190124s2015 gh a o 000 0 eng d
020 |z 9789988860202 
020 |a 9789988860257  |q (electronic bk.) 
035 |a (MiAaPQ)EBC2071844 
035 |a (Au-PeEL)EBL2071844 
035 |a (CaPaEBR)ebr11067830 
035 |a (CaONFJC)MIL801718 
035 |a (OCoLC)915043540 
040 |a MiAaPQ  |b eng  |e rda  |e pn  |c MiAaPQ  |d MiAaPQ 
043 |a f------ 
050 4 |a HC800  |b .M536 2015 
082 0 |a 338.96  |2 23 
100 1 |a Mkandawire, P. Thandika,  |e author. 
245 1 0 |a Africa :  |b beyond recovery /  |c by Thandika Mkandawire. 
264 1 |a Legon-Accra, Ghana :  |b University of Ghana,  |c 2015. 
300 |a 1 online resource (90 pages) :  |b illustrations. 
336 |a text  |b txt  |2 rdacontent 
337 |a computer  |b c  |2 rdamedia 
338 |a online resource  |b cr  |2 rdacarrier 
490 0 |a Aggrey-Fraser-Guggisberg Memorial Lectures ;  |v Series 32 
588 |a Description based on print version record. 
590 |a Electronic reproduction. Ann Arbor, MI : ProQuest, 2018. Available via World Wide Web. Access may be limited to ProQuest affiliated libraries. 
650 0 |a Economic development  |z Africa. 
651 0 |a Africa  |x Economic conditions. 
655 4 |a Electronic books. 
776 0 8 |i Print version:  |a Mkandawire, P. Thandika.  |t Africa : beyond recovery.  |d Legon-Accra, Ghana : University of Ghana, 2015   |h 90 pages   |k Aggrey-Fraser-Guggisberg memorial lectures ; Series 32.  |z 9789988860202 
797 2 |a ProQuest (Firm) 
856 4 0 |u https://ebookcentral.proquest.com/lib/matrademy/detail.action?docID=2071844  |z Click to View